000 00752nam a2200181 a 4500
008 120131s2008 ||||||||||||||||| || u
020 _a9780470822449
050 _aHC 427.95 Chi
100 _aHoffmann, W. John
245 1 0 _aChina into the future: making sense of the World's most dynamic economy
_cedited by W. John Hoffmann and Michael J. Enright
260 _aSingapore:
_bJohn Wiley and Sons
_c2008
300 _axix, 318p.: ill.
350 _a0.00
650 0 _aCHINA--ECONOMIC POLICY--1976-2000
650 0 _aCHINA--ECONOMIC CONDITIONS--2000-
700 _aEnright, Micael J
995 _FCBU-MAIN LIBRARY (Kitwe)
_I0.00
_M1
_UAVAILABLE
_WJun 28, 2012
_ZMain Library Open Access Collection
999 _c37299
_d37299